Capitals Without the Letters of “Asmara” - Statistics

General Stats
  • This quiz has been taken 4 times
  • The average score is 10 of 12
Answer Stats
Continents Capitals % Correct
Asia Beijing
100%
Europe Dublin
100%
Europe Kiev
100%
Europe London
100%
Asia New Delhi
100%
Asia Tokyo
100%
Oceania Wellington
100%
South America Quito
75%
Asia Dili
50%
Africa Djibouti
50%
Africa Lilongwe
50%
Africa Windhoek
25%
No matching quizzes found
Score Distribution
Percent of People with Each Score
Percentile by Number Answered
Your Score History
You have not taken this quiz